[Event "Valasska Bystrice op"]
[Site "Valasska Bystrice"]
[Date "2023.09.16"]
[Round "9"]
[White "Lorencova, Jitka"]
[Black "Palla, Rostislav"]
[Result "0-1"]
[WhiteElo "1315"]
[BlackElo "1590"]
[PlyCount "98"]
[EventDate "2023.09.09"]
[EventType "swiss"]
[EventRounds "9"]
[EventCountry "CZE"]
[SourceTitle "EXT 2024"]
[Source "ChessBase"]
[SourceDate "2023.10.10"]
[SourceVersion "1"]
[SourceVersionDate "2023.10.10"]
[SourceQuality "1"]

1. e4 c5 2. Nf3 Nc6 3. d4 cxd4 4. Nxd4 Nf6 5. Nc3 e5 6. Nb3 Bb4 7. Bd2 0-0 8. Bd3 d5 9. Qe2 d4 10. Nb1 a6 11. a3 Be7 12. h3 h6 13. c3 Be6 14. Nc1 Qb6 15. b4 a5 16. b5 Nb8 17. c4 Nbd7 18. f4 exf4 19. Bxf4 Nh7 20. 0-0 Nc5 21. Nd2 Rac8 22. Rf3 Bg5 23. Ncb3 Bxf4 24. Rxf4 Nxb3 25. Nxb3 a4 26. Nd2 Rfd8 27. Raf1 Nf8 28. Kh1 Ng6 29. R4f2 Qd6 30. Nf3 Nf4 31. e5 Nxe2 32. exd6 Ng3+ 33. Kh2 Nxf1+ 34. Rxf1 f6 35. Rc1 Rxd6 36. c5 Rdd8 37. Nd2 f5 38. Kg3 g5 39. Bc4 Kf7 40. Kf3 Bxc4 41. Rxc4 Rd5 42. Rxa4 Rcxc5 43. Ra7 Rxb5 44. g4 Ke6 45. Ra8 Ra5 46. Rh8 Rxa3+ 47. Ke2 Rxh3 48. gxf5+ Kxf5 49. Rf8+ Kg6 0-1

[Event "Valasska Bystrice op"]
[Site "Valasska Bystrice"]
[Date "2023.09.10"]
[Round "2"]
[White "Lorencova, Jitka"]
[Black "Cohen, Avi"]
[Result "0-1"]
[WhiteElo "1315"]
[BlackElo "1860"]
[PlyCount "98"]
[EventDate "2023.09.09"]
[EventType "swiss"]
[EventRounds "9"]
[EventCountry "CZE"]
[SourceTitle "EXT 2024"]
[Source "ChessBase"]
[SourceDate "2023.10.10"]
[SourceVersion "1"]
[SourceVersionDate "2023.10.10"]
[SourceQuality "1"]

1. e4 d5 2. exd5 Qxd5 3. Nc3 Qa5 4. Nf3 Nf6 5. Be2 Bf5 6. d3 Nbd7 7. Bd2 c6 8. a3 Qc7 9. Nd4 Bg6 10. Bg5 e6 11. Qd2 Bd6 12. Nf3 a6 13. Nh4 c5 14. Nxg6 hxg6 15. h4 Qb6 16. Nd1 Ne5 17. c3 Nd5 18. c4 Nf6 19. Nc3 Nc6 20. Be3 Nd4 21. Bxd4 cxd4 22. Nd1 a5 23. Qc2 a4 24. Bf3 Nd7 25. g3 Nc5 26. Qe2 Nb3 27. Bd5 Qa5+ 28. Kf1 Nxa1 29. Bxe6 fxe6 30. Qxe6+ Be7 31. Qxg6+ Kf8 32. Qe4 Nb3 33. Kg2 Re8 34. Qxb7 Qa8 35. Qf3+ Qxf3+ 36. Kxf3 Bd6 37. Kg4 Rh6 38. Rg1 Rhe6 39. f4 Re2 40. Rf1 Nd2 41. Rf2 Rxf2 42. Nxf2 Re2 43. Nh3 Nb3 44. Ng5 Rxb2 45. h5 Bxa3 46. Kf5 Be7 47. Ne6+ Kf7 48. g4 a3 49. g5 a2 0-1